La puntualidad del señor Martínez y otros cuentos / (Registro nro. 14715)

Detalles MARC
000 -LIDER
fixed length control field 00847nam a2200289Ia 4500
001 - NÚMERO DE CONTROL
Identificador de número de control 7056
003 - IDENTIFICACDOR DE NÚMERO DE CONTROL
control field DO-SdBNP
005 - DATE AND TIME OF LATEST TRANSACTION
control field 20240703121905.0
008 - ELEMENTOS DE LONGITUD FIJA
fixed length control field 140604s2019 dr 000 0 spa d
020 ## - ISBN
International Standard Book Number 9789945494495
040 ## - FUENTE DE CATALOGACIÓN
Agencia que crea de manera original el registro BPMSU
Idioma de catalogación spa
Agencia que realiza la transcripción BPMSU
082 04 - NÚMERO DE CLASIFICACIÓN DECIMAL DE DEWEY
Classification number RD863.44
Item number D542p 2019
092 ## - LOCALLY ASSIGNED DEWEY DECIMAL CALL NUMBER
Número de clasificación
100 1# - ASIENTO PRINCIPAL -- NOMBRE PERSONAL
Nombre personal Díaz Grullón, Virgilio,
Fechas asociadas con el nombre 1924-2001
245 13 - MENCIÓN DE TITULO
Título La puntualidad del señor Martínez y otros cuentos /
Mención de responsabilidad Virgilio Díaz Grullón
260 ## - PUBLICACIÓN, DISTRIBUCIÓN, ETC. (PIE DE IMPRENTA)
Lugar de publicación, distribución, etc Santo Domingo :
Nombre del editor, distribuidor, etc. Vicepresidencia de la República Dominicana,
Fecha de publicación, distribución, etc 2019
300 ## - DESCRIPCIÓN FÍSICA
Extensión 53 p. :
Otros detalles físicos il. ;
Dimensiones 20 cm.
490 0# - MENCIÓN DE SERIES
Mención de serie Biblioteca Taller
Volume/sequential designation 78
590 ## - NOTA LOCAL
Texto de la nota local Inventariado, 2024/VM
Enlace
650 #4 - ENCABEZAMIENTO DE MATERIA--TEMÁTICO
Término temático o nombre geográfico como elemento de entrada Cuentos dominicanos
650 #4 - ENCABEZAMIENTO DE MATERIA--TEMÁTICO
Término temático o nombre geográfico como elemento de entrada Lliteratura dominicana
852 ## - LOCALIZACIÓN
Número de copia
856 ## - UBICACIÓN ELECTRÓNICA Y ACCESO
Identificador Uniforme del Recurso (“URI”)
910 ## - VALIDACIÓN
Validación VMateo V. Control de calidad. BPMSU
942 ## - ADDED ENTRY ELEMENTS (KOHA)
Source of classification or shelving scheme Dewey Decimal Classification
Koha item type Libros
945 ## - INFORMACIÓN DE PROCESAMIENTO LOCAL
Información de procesamiento local
Existencias
Withdrawn status Lost status Source of classification or shelving scheme Damaged status Not for loan Collection code Home library Current library Date acquired Total Checkouts Full call number Barcode Date last seen Price effective from Koha item type Copy number
    Dewey Decimal Classification     Colección Dominicana Biblioteca Pública Metropolitana Salomé Ureña Biblioteca Pública Metropolitana Salomé Ureña 07/03/2024   BPMSU CD RD863.44 D542p 2019 BPMSU24070012 07/03/2024 07/03/2024 Libros  
    Dewey Decimal Classification     Colección Dominicana Biblioteca Pública Metropolitana Salomé Ureña Biblioteca Pública Metropolitana Salomé Ureña 07/03/2024   BPMSU CD RD863.44 D542p 2019 BPMSU24070013 07/03/2024 07/03/2024 Libros e.2
    Dewey Decimal Classification     Colección Dominicana Biblioteca Pública Metropolitana Salomé Ureña Biblioteca Pública Metropolitana Salomé Ureña 07/03/2024   BPMSU CD RD863.44 D542p 2019 BPMSU24070089 07/19/2024 07/03/2024 Libros e.3